000
00288nam a22001337a 4500
008
170629b xxu||||| |||| 00| 0 eng d
020
_a
9780312433093
041
_a
eng
080
_2
3RD
_a
02
100
_a
22
101
_a
GJL
245
_a
EASY WRITER
_c
LUNSFORD,A,A
942
_2
udc
_c
BK
999
_c
19662
_d
19662